Cálculo y geometría analítica /

Guardado en:
Autor Principal: Larson, Ron, 1941-
Otros Autores: Hostetler, Robert P., Edwards, Bruce H., 1946-
Formato: Libro
Idioma:Spanish
English
Publicado: Madrid : McGraw-Hill, c1999.
Edición:6a. ed.
Materias:
Etiquetas: Agregar Etiqueta
Sin Etiquetas, Sea el primero en etiquetar este registro!
LEADER 02155nam a22003735a 4500
001 EUN.eunm005128
005 20140226074910.0
008 041125s1999####sp#a##########001#0#spa#d
020 |a 8448123549 (o. c.) 
020 |a 8448122291 (v. 1) 
020 |a 8448123530 (v. 2) 
020 |a 970102754X (México, o. c.) 
020 |a 9701027558 (México, v. 1) 
020 |a 9701027566 (México, v. 2) 
041 1 |a spa  |h eng 
082 0 4 |a 517  |2 15 
100 1 |a Larson, Ron,  |d 1941- 
245 1 0 |a Cálculo y geometría analítica /  |c Roland E. Larson, Robert P. Hostetler, Bruce H. Edwards ; con la colaboración de David E. Heyd ; traducción Lorenzo Abellanas Rapún ; consultores José Luis Pérez López, Orlando Leal Sánchez. 
250 |a 6a. ed. 
260 |a Madrid :  |b McGraw-Hill,  |c c1999. 
300 |a 2 v. :  |b il. ;  |c 25 cm. 
500 |a Traducción de: Calculus with analytic geometry, 6th ed.; publicado por Houghton Mifflin, c1998. 
500 |a Incluye índice. 
505 0 |a v. 1. Preparación para el cálculo -- Límites y sus propiedades -- La derivada -- Aplicaciones de la derivada -- Integración -- Funciones logarítmica, exponenciales y otras funciones trascendentes -- Aplicaciones de la integral -- Métodos de integración, regla d L'Hôpital e integrales impropias -- Series -- Apéndices. 
505 0 |a v. 2. Cónicas, ecuaciones paramétricas y coordenadas polares -- Vectores y geometría del espacio -- Funciones vectoriales -- Funciones de varias variables -- Integración múltiple -- Análisis vectorial -- Ecuaciones diferenciales -- Apéndice A -- Soluciones a los ejercicios impares -- Índice. 
650 7 |a Matemáticas.  |2 unbist 
653 |a Cálculo 
653 |a Geometria analitica 
700 1 |a Hostetler, Robert P. 
700 1 |a Edwards, Bruce H.,  |d 1946- 
859 |a AR-BaUNS  |b BIB. CENTRAL - Sector A  |h 517  |i L329a6  |p 111429/000  |v v.1  |3 v.1 
859 |a AR-BaUNS  |b BIB. CENTRAL - Sector A  |h 517  |i L329a6  |p 113931/003  |t Ej.3  |v v.1  |3 v.1 
859 |a AR-BaUNS  |b BIB. CENTRAL - Sector A  |h 517  |i L329a6  |p 114058/003  |t Ej.5  |v v.1  |3 v.1 
859 |a AR-BaUNS  |b BIB. CENTRAL - Sector A  |h 517  |i L329a6  |p 113952/003  |t Ej.4  |v v.2  |3 v.2